Introductory methods of Numerical Analysis / (Record no. 5836)
[ view plain ]
| 000 -LEADER | |
|---|---|
| fixed length control field | 00434cam a2200169ua 4500 |
| 003 - CONTROL NUMBER IDENTIFIER | |
| control field | OSt |
| 008 - FIXED-LENGTH DATA ELEMENTS--GENERAL INFORMATION | |
| fixed length control field | 241227b |||||||| |||| 00| 0 eng d |
| 020 ## - INTERNATIONAL STANDARD BOOK NUMBER | |
| ISBN | 0-87692-611-1 |
| 041 ## - LANGUAGE CODE | |
| Language code of text/sound track or separate title | eng |
| 082 ## - DEWEY DECIMAL CLASSIFICATION NUMBER | |
| Classification number | 515.6 |
| Item number | SAS/IN |
| 100 ## - MAIN ENTRY--AUTHOR NAME | |
| Personal name | Sastry, S S . |
| 245 ## - TITLE STATEMENT | |
| Title | Introductory methods of Numerical Analysis / |
| 250 ## - EDITION STATEMENT | |
| Edition statement | 2 / |
| 260 ## - PUBLICATION, DISTRIBUTION, ETC. (IMPRINT) | |
| Place of publication | New Delhi : |
| Name of publisher | Prentice Hall of India Pvt Ltd. , |
| Year of publication | 1992. |
| 300 ## - PHYSICAL DESCRIPTION | |
| Number of Pages | ; . |
| 942 ## - ADDED ENTRY ELEMENTS (KOHA) | |
| Koha item type | Books |
| Withdrawn status | Lost status | Damaged status | Home library | Current library | Date acquired | Full call number | Accession Number | Koha item type |
|---|---|---|---|---|---|---|---|---|
| KAUAET | KAUAET | 07/04/2012 | 515.6 SAS/IN | 17991 | Books | |||
| KAUAET | KAUAET | 28/12/1988 | 515.6 SAS/IN | 16499 | Books | |||
| KAUAET | KAUAET | 07/04/2012 | 515.6 SAS/IN | 17995 | Books | |||
| KAUAET | KAUAET | 07/04/2012 | 515.6 SAS/IN | 17993 | Books | |||
| KAUAET | KAUAET | 07/04/2012 | 515.6 SAS/IN | 17992 | Books | |||
| KAUAET | KAUAET | 07/04/2012 | 515.6 SAS/IN | 17994 | Books | |||
| KAUAET | KAUAET | 07/04/2012 | 515.6 SAS/IN | 21860 | Books |
